Analýza kultúrnych zariadení v pôsobnosti PSK pre oblasť marketingu a vzdelávania

Salvato in:
Dettagli Bibliografici
Autore principale: Pollák, František, 1985-
Ente Autore: Slovenská marketingová asociácia, o.z
Altri autori: Dorčák, Peter, 1979-, Mudrík, Martin, Wierzbinski, Bogdan, Surmacz, Tomasz, Svetozarovová, Nella, Nastišin, Ľudovít, Bačík, Radovan, Gburová, Jaroslava
Natura: Libro
Lingua:slovacco
Pubblicazione: [Prešov] [Bookman] [2013]
Edizione:1. vyd.
Soggetti:
Tags: Aggiungi Tag
Nessun Tag, puoi essere il primo ad aggiungerne!!

MARC

LEADER 00000nam a2200000 4500
001 0226908
005 20240502073735.4
020 |a 978-80-8165-006-2 
041 0 |a slo 
044 |a SK 
245 1 0 |a Analýza kultúrnych zariadení v pôsobnosti PSK pre oblasť marketingu a vzdelávania  |c František Pollák a kolektív ; recenzenti: Radovan Bačík, Jaroslava Gburová 
250 |a 1. vyd. 
264 1 |a [Prešov]  |b [Bookman]  |c [2013] 
300 |a 164 s. [4,48 AH] 
610 2 0 |a marketing 
610 2 0 |a zariadenia kultúrne 
610 2 0 |a kultúra 
610 2 0 |a vzdelávanie 
610 2 0 |a Slovensko 
610 2 0 |a Poľsko 
100 1 |a Pollák, František, 1985- 
700 1 |a Dorčák, Peter, 1979- 
700 1 |a Mudrík, Martin 
700 1 |a Wierzbinski, Bogdan 
700 1 |a Surmacz, Tomasz 
700 1 |a Svetozarovová, Nella 
700 1 |a Nastišin, Ľudovít 
700 1 |a Bačík, Radovan 
700 1 |a Gburová, Jaroslava 
710 2 |a Slovenská marketingová asociácia, o.z.